Fundamentals of marketing. / (Record no. 8131)
[ view plain ]
| 000 -LEADER | |
|---|---|
| fixed length control field | 01639nam a22002537a 4500 |
| 003 - CONTROL NUMBER IDENTIFIER | |
| control field | OSt |
| 005 - DATE AND TIME OF LATEST TRANSACTION | |
| control field | 20211126103033.0 |
| 008 - FIXED-LENGTH DATA ELEMENTS--GENERAL INFORMATION | |
| fixed length control field | 120524t xxu||||| |||| 00| 0 eng d |
| 020 ## - INTERNATIONAL STANDARD BOOK NUMBER | |
| International Standard Book Number | 0070610150 |
| 040 ## - CATALOGING SOURCE | |
| Transcribing agency | LC |
| 050 ## - LIBRARY OF CONGRESS CALL NUMBER | |
| Classification number | HF5415.S74 |
| 082 ## - DEWEY DECIMAL CLASSIFICATION NUMBER | |
| Edition number | dc20 |
| Classification number | 658.8 |
| 100 ## - MAIN ENTRY--PERSONAL NAME | |
| Fuller form of name | Stanton, William J. |
| 245 ## - TITLE STATEMENT | |
| Title | Fundamentals of marketing. / |
| Statement of responsibility, etc. | William J. Stanton, Michael J. Etzel, Bruce J. Walker |
| 250 ## - EDITION STATEMENT | |
| Edition statement | 10th ed. |
| 260 ## - PUBLICATION, DISTRIBUTION, ETC. | |
| Place of publication, distribution, etc. | London: |
| Name of publisher, distributor, etc. | McGraw Hill, |
| Date of publication, distribution, etc. | 1994. |
| 300 ## - PHYSICAL DESCRIPTION | |
| Extent | xxi, 697 p. : |
| Other physical details | ill. (chiefly col.); |
| 500 ## - GENERAL NOTE | |
| General note | Includes index |
| 505 ## - FORMATTED CONTENTS NOTE | |
| Formatted contents note | Contents: 1. Modern marketing and its environment: The field of marketing -- The changing marketing environment -- Strategic planning and forecasting -- Marketing research and information -- 2.Target markets: Market segmentation and target-market strategies -- Consumer buying behavior -- The business market -- 3. Product: Product planning and development -- Product-mix strategies -- Brands, packaging, and other product features -- 4. Price: Price determination -- Pricing strategies -- 5. Distribution; Channel of distribution -- Retailing -- Wholesale and physical distribution -- 6. Promotion: The promotional program -- Personal selling and sales management -- Advertising, sales promotion, and public relations -- 7. Marketing in special fields: Services marketing by for-profit and non profit organization -- International marketing -- 8. Managing the marketing effort: Marketing implementation and evaluation -- Marketing; appraisal and prospects -- |
| 650 ## - SUBJECT ADDED ENTRY--TOPICAL TERM | |
| Topical term following geographic name entry element | Marketing. |
| 700 ## - ADDED ENTRY--PERSONAL NAME | |
| Fuller form of name | Etzel, Michael J. |
| 700 ## - ADDED ENTRY--PERSONAL NAME | |
| Fuller form of name | Walker, Bruce J. |
| 942 ## - ADDED ENTRY ELEMENTS (KOHA) | |
| Source of classification or shelving scheme | Library of Congress Classification |
| Koha item type | Books |
| Withdrawn status | Lost status | Source of classification or shelving scheme | Damaged status | Not for loan | Home library | Current library | Shelving location | Date acquired | Total Checkouts | Full call number | Barcode | Date last seen | Price effective from | Koha item type |
|---|---|---|---|---|---|---|---|---|---|---|---|---|---|---|
| Library of Congress Classification | WISCONSIN INTERNATIONAL UNIVERSITY COLLEGE, GHANA KUMASI LIBRARY | WISCONSIN INTERNATIONAL UNIVERSITY COLLEGE, GHANA KUMASI LIBRARY | General Stacks | 07/11/2019 | HF5415.S74(10e) | K/1608/1608/19 | 26/11/2021 | 26/11/2021 | Books |
